| 000 | 00593nam a2200229Ia 4500 | ||
|---|---|---|---|
| 005 | 20250425162311.0 | ||
| 008 | 250425s9999 xx 000 0 und d | ||
| 041 | _aspa | ||
| 082 | _a353 | ||
| 245 | 0 | _aCONSULTA SOBRE TEMAS FUNDAMENTALES DEL DESARROLLO NACIONAL | |
| 250 | _a1A ED. | ||
| 260 |
_aEcuador _bCONSEJO NACIONAL DE DESARROLLO _c1987 |
||
| 260 | _aS.L. | ||
| 300 | _a173 | ||
| 500 | _aDADO DE BAJA POR OBSOLETO EL 28/02/2011 | ||
| 650 | _aAHORRO | ||
| 650 | _aECUADOR | ||
| 650 | _aESTADO-DERECHO-ARTICULOS | ||
| 650 | _aINVERSIONES | ||
| 942 | _c01 | ||
| 010 | _a60320 | ||
| 999 |
_c226384 _d226384 |
||